En nombre de la cruz: discusiones teológicas y políticas frente al holocausto de los indios
Saved in:
| Hovedforfatter: | |
|---|---|
| Format: | Bog |
| Sprog: | spansk |
| Udgivet: |
Buenos Aires
Libros de la Araucaria
2006
|
| Udgivelse: | 1a. ed |
| Serier: | La Religión en Debate
|
| Fag: | |
| Tags: |
Tilføj Tag
Ingen Tags, Vær først til at tagge denne postø!
|
MARC
| LEADER | 00000nam a2200000 a 4500 | ||
|---|---|---|---|
| 001 | UCH1448 | ||
| 003 | CL-VaPUC | ||
| 008 | 090427e20060000AG |||||||||||||||||spa|d | ||
| 020 | |a 9789871300037 | ||
| 082 | 0 | 4 | |a 261.7 |b MIR |2 21 |
| 100 | |a Mires, Fernando |e autor |9 587876 | ||
| 245 | 1 | 0 | |a En nombre de la cruz: discusiones teológicas y políticas frente al holocausto de los indios |
| 250 | |a 1a. ed | ||
| 300 | |a 284 p | ||
| 942 | |c BK | ||
| 945 | |d 20090427 00:00:00 |a rbrito | ||
| 260 | |a Buenos Aires |b Libros de la Araucaria |c 2006 | ||
| 650 | 7 | |a ETNOHISTORIA |2 CL-VaPUC |9 442131 | |
| 650 | 0 | |a Antropología |9 233030 | |
| 650 | 0 | |a Etnografía |9 309735 | |
| 650 | 0 | |a Esclavitud |9 323605 | |
| 650 | 7 | |a INDIOS |2 CL-VaPUC |9 258588 | |
| 583 | |a last modification |c 20090427 00:00:00 |k Rodrigo Vera | ||
| 490 | 0 | |a La Religión en Debate | |
| 999 | |c 333486 |d 333484 | ||
| 952 | |0 0 |1 0 |4 0 |6 261_700000000000000_MIR_2006 |7 0 |8 A |9 421921 |a BIBHIS |b BIBHIS |d 2019-11-22 |i 4539206 |o 261.7 MIR 2006 |p 4539206 |r 2025-01-20 |w 2019-11-22 |y BK |k HIS | ||